|
|
|
|
| LEADER |
02919nam a22003853i 4500 |
| 001 |
EBC7101202 |
| 003 |
MiAaPQ |
| 005 |
20240729202204.0 |
| 006 |
m o d | |
| 007 |
cr cnu|||||||| |
| 008 |
240729s2014 xx o ||||0 ger d |
| 020 |
|
|
|a 9783428572625
|q (electronic bk.)
|
| 020 |
|
|
|z 9783428172627
|
| 035 |
|
|
|a (MiAaPQ)EBC7101202
|
| 035 |
|
|
|a (Au-PeEL)EBL7101202
|
| 035 |
|
|
|a (OCoLC)1348490948
|
| 040 |
|
|
|a MiAaPQ
|b eng
|e rda
|e pn
|c MiAaPQ
|d MiAaPQ
|
| 100 |
1 |
|
|a Socialpolitik, Verein für.
|
| 245 |
1 |
4 |
|a Das Gewerbliche Fortbildungswesen :
|b Sieben Gutachten und Berichte Veröffentlicht Vom Verein Für Socialpolitik. (Schriften des Vereins Für Socialpolitik XV).
|
| 250 |
|
|
|a 1st ed.
|
| 264 |
|
1 |
|a Berlin :
|b Duncker & Humblot,
|c 2014.
|
| 264 |
|
4 |
|c {copy}1879.
|
| 300 |
|
|
|a 1 online resource (165 pages)
|
| 336 |
|
|
|a text
|b txt
|2 rdacontent
|
| 337 |
|
|
|a computer
|b c
|2 rdamedia
|
| 338 |
|
|
|a online resource
|b cr
|2 rdacarrier
|
| 490 |
1 |
|
|a Duncker and Humblot Reprints Series
|
| 505 |
0 |
|
|a Intro -- Fortbildungsschule, Fachschule, Lehrwerkstätte. Gutachten, für den Verein für Socialpolitik erstattet von Präsident Dr. v. Steinbeis in Stuttgart. -- I. -- II. -- III. -- Gutachten über „Gewerbliches Fortbildungswesen" erstattet vom Fabrikbesitzer Fritz Kalle in Biebrich, nebst Specialgutachten zu Frage 4, vom General der Infanterie z. D. von Etzel in Berlin. (Geschrieben im Monat Mai 1878.) -- Special-Gutachten zu Frage 4 von von Etzel, General der Infanterie z. D. in Berlin. -- Die allgemeine Fortbildungsschule und ihr Verhältniß zur gewerblichen Fortbildungsschule resp. zu den Schulen für Gewerbe. Nach den Intentionen des Directors Dr. Bräutigam von Julius Kirchhoff, Lehrer an der städtischen Fortbildungsschule für Knaben in Leipzig. -- Gutachten, nach Angaben des Baumeisters und Stadtraths Hartmann Kaiser in Zwickau bearbeitet von Dr. William Weicker, Gymnasial-Oberlehrer. -- Die preußischen Bergschulen. Ein Beitrag zur Frage des niederen Fachschul-Unterrichts von Dr. Schultz, Bergrath in Bochum. -- Unser gewerbliches Bildungswesen. Von Dr. Stockbauer am Bayrischen Gewerbemuseum in Nürnberg. -- Gutachten über das gewerbliche Bildungswesen, erstattet von Dr. Karl Bücher in Frankfurt a. M. -- Inhalt.
|
| 588 |
|
|
|a Description based on publisher supplied metadata and other sources.
|
| 590 |
|
|
|a Electronic reproduction. Ann Arbor, Michigan : ProQuest Ebook Central, 2024. Available via World Wide Web. Access may be limited to ProQuest Ebook Central affiliated libraries.
|
| 655 |
|
4 |
|a Electronic books.
|
| 776 |
0 |
8 |
|i Print version:
|a Socialpolitik, Verein für
|t Das Gewerbliche Fortbildungswesen
|d Berlin : Duncker & Humblot,c2014
|z 9783428172627
|
| 797 |
2 |
|
|a ProQuest (Firm)
|
| 830 |
|
0 |
|a Duncker and Humblot Reprints Series
|
| 856 |
4 |
0 |
|u https://ebookcentral.proquest.com/lib/matrademy/detail.action?docID=7101202
|z Click to View
|